<?xml version="1.0" encoding="UTF-8"?><?xml-stylesheet type="text/xsl" href="static/style.xsl"?><OAI-PMH xmlns="http://www.openarchives.org/OAI/2.0/" xmlns:xsi="http://www.w3.org/2001/XMLSchema-instance" xsi:schemaLocation="http://www.openarchives.org/OAI/2.0/ http://www.openarchives.org/OAI/2.0/OAI-PMH.xsd"><responseDate>2026-04-13T14:21:08Z</responseDate><request verb="GetRecord" identifier="oai:www.recercat.cat:20.500.12694/7227" metadataPrefix="marc">https://recercat.cat/oai/request</request><GetRecord><record><header><identifier>oai:recercat.cat:20.500.12694/7227</identifier><datestamp>2025-12-18T12:09:50Z</datestamp><setSpec>com_2072_179042</setSpec><setSpec>col_2072_484474</setSpec></header><metadata><record xmlns="http://www.loc.gov/MARC21/slim" xmlns:dcterms="http://purl.org/dc/terms/" xmlns:xsi="http://www.w3.org/2001/XMLSchema-instance" xmlns:doc="http://www.lyncode.com/xoai" xsi:schemaLocation="http://www.loc.gov/MARC21/slim http://www.loc.gov/standards/marcxml/schema/MARC21slim.xsd">
   <leader>00925njm 22002777a 4500</leader>
   <datafield ind2=" " ind1=" " tag="042">
      <subfield code="a">dc</subfield>
   </datafield>
   <datafield ind2=" " ind1=" " tag="720">
      <subfield code="a">Riera Guerrero, Laura</subfield>
      <subfield code="e">author</subfield>
   </datafield>
   <datafield ind2=" " ind1=" " tag="260">
      <subfield code="c">2019-06</subfield>
   </datafield>
   <datafield ind2=" " ind1=" " tag="520">
      <subfield code="a">En aquest treball he volgut submergir-me en els estudis de gènere relacionats amb la música, enfocant-ho a la musicologia feminista com a camp d’estudi i relacionant-ho amb el meu àmbit d’interpretació del violí clàssic i contemporani, a través de l’anàlisi d’una obra canònica del repertori: el Concert per a violí op. 35 de Txaikovski. La meva intenció ha estat elaborar una anàlisi del primer moviment des de la perspectiva de gènere. Cal considerar també el context de l’obra i relacionar-la amb altres anàlisis provinents dels estudis feministes, així com amb testimonis que evidencien el masclisme de la societat del segle XIX aplicat al món musical.</subfield>
   </datafield>
   <datafield ind2=" " ind1=" " tag="520">
      <subfield code="a">En este trabajo he querido sumergirme en los estudios de género relacionados con la música, centrándolo en la musicología feminista como campo de estudio y poniéndolo en relación con mi ámbito: la interpretación del violín clásico y contemporáneo, a través del análisis de una obra canónica del repertorio: el Concierto para violín, op. 35, de Chaikovski. Mi intención ha sido elaborar un análisis del primer movimiento desde la perspectiva de género. Asimismo, se considera el contexto de la obra y se relaciona con otros análisis procedentes de los estudios feministas, así como con testimonios que evidencian el machismo de la sociedad del siglo XIX aplicado al mundo musical.</subfield>
   </datafield>
   <datafield ind2=" " ind1=" " tag="520">
      <subfield code="a">In this project, I have tried to dive into gender studies related to music, focusing on feminist musicology as a field of study and relating it to my area of expertise, classical and contemporary violin performance, through the analysis of a canonical work of the repertoire: Tchaikovsky’s Violin Concerto, Op. 35. My intention has been to conduct an analysis of the first movement from a gender perspective, taking into account the context of the work and relating it to other analyses derived from feminist studies, as well as to testimonies that reveal the male chauvinism of 19th-century society applied to the musical world.</subfield>
   </datafield>
   <datafield ind1="8" ind2=" " tag="024">
      <subfield code="a">http://hdl.handle.net/20.500.12694/7227</subfield>
   </datafield>
   <datafield tag="653" ind2=" " ind1=" ">
      <subfield code="a">TFG Música clàssica i contemporània</subfield>
   </datafield>
   <datafield tag="653" ind2=" " ind1=" ">
      <subfield code="a">Txaikovski, Piotr Ílitx, 1840-1893--Crítica i interpretació</subfield>
   </datafield>
   <datafield tag="653" ind2=" " ind1=" ">
      <subfield code="a">Txaikovski, Piotr Ílitx, 1840-1893. Concerts, violí, orquestra, op. 35, re major</subfield>
   </datafield>
   <datafield tag="653" ind2=" " ind1=" ">
      <subfield code="a">Concerts (Violí)--Fragments--Anàlisi i apreciació</subfield>
   </datafield>
   <datafield tag="653" ind2=" " ind1=" ">
      <subfield code="a">Feminisme i música</subfield>
   </datafield>
   <datafield tag="653" ind2=" " ind1=" ">
      <subfield code="a">Música--Rússia--S. XIX</subfield>
   </datafield>
   <datafield ind2="0" ind1="0" tag="245">
      <subfield code="a">Una lectura feminista del primer moviment del Concert per a violí de Txaikovski</subfield>
   </datafield>
</record></metadata></record></GetRecord></OAI-PMH>